[Event "PRO League Group Stage"]
[Site "masterchessopen.com chess.com INT"]
[Date "2017.02.11"]
[Round "5"]
[White "Hambleton,A"]
[Black "Hammer,J"]
[Result "0-1"]
[WhiteElo "2441"]
[BlackElo "2628"]

1.d4 Nf6 2.c4 e6 3.Nc3 Bb4 4.e3 O-O 5.Ne2 Re8 6.a3 Bf8 7.Ng3 d5 8.Be2 dxc4
9.Bxc4 c5 10.O-O cxd4 11.exd4 Nbd7 12.Ba2 Nb6 13.Bg5 h6 14.Bxf6 Qxf6 15.Nge4
Qg6 16.Bb1 Rd8 17.Nd2 Qf6 18.Nf3 Bd7 19.Be4 Nc4 20.Qe2 Nd6 21.Bc2 Rac8 22.Ne4
Qf4 23.Nxd6 Bxd6 24.Be4 Rc7 25.g3 Bb5 26.Bd3 Bxd3 27.Qxd3 Qf6 28.Rfd1 g5
29.Qe4 Qf5 30.Qxf5 exf5 31.Rd2 Kg7 32.Rad1 Kf6 33.Kg2 Re8 34.h3 g4 35.Ne1 h5
36.hxg4 hxg4 37.Nd3 Re4 38.Nc5 Bxc5 39.dxc5 Rxc5 40.Rd5 Rc2 41.R1d2 Rxd2
42.Rxd2 Ke6 43.Rd3 f4 44.gxf4 Rxf4 45.Kg3 Re4 46.f3 gxf3 47.Kxf3 Re5 48.Rd8
Rb5 49.b4 Rd5 50.Ra8 Rd3+ 51.Ke4 Rxa3 52.Rb8 b6 53.Kd4 f5 54.Re8+ Kf6 55.Rg8
Rb3 56.Kc4 Re3 57.Rf8+ Kg6 58.Rg8+ Kf7 59.Rh8 Re4+ 60.Kb5 Re7 61.Kc4 Kg6
62.Rg8+ Kf6 63.Kd4 f4 64.Rg1 Kf5 65.b5 f3 {#R} 0-1

[Event "PRO League Group Stage"]
[Site "masterchessopen.com chess.com INT"]
[Date "2017.02.11"]
[Round "5"]
[White "Hungaski,R"]
[Black "Kolosovsky,A"]
[Result "1-0"]
[WhiteElo "2488"]
[BlackElo "2074"]

1.Nf3 d5 2.c4 c6 3.d4 e6 4.Qc2 dxc4 5.Qxc4 b5 6.Qb3 Nf6 7.Bg5 Be7 8.Nbd2 Bb7
9.e4 Nbd7 10.e5 Nd5 11.Bxe7 Qxe7 12.Ne4 O-O 13.Rc1 Rab8 14.Nc5 N7b6 15.g3 a5
16.Qd1 Nb4 17.Bg2 Nxa2 18.Ra1 Nb4 19.Rxa5 Ra8 20.Rxa8 Rxa8 21.O-O Ra2 22.Qb3
N6d5 23.Nd2 Ra7 24.Nde4 Ba8 25.h4 Qc7 26.Rc1 Qa5 27.Nc3 Kf8 28.Be4 h6 29.h5
Kg8 30.Kg2 Kf8 31.Qd1 Nxc3 32.Rxc3 Qa2 33.Rb3 Nd5 34.Bxd5 cxd5 35.Rxb5 Qc4
36.Rb8+ Ke7 37.b3 Qc3 38.Qg4 Ra2 39.Qh4+ {#r} 1-0

[Event "PRO League Group Stage"]
[Site "masterchessopen.com chess.com INT"]
[Date "2017.02.11"]
[Round "5"]
[White "Della Morte,G"]
[Black "Thorfinnsson,Bj"]
[Result "0-1"]
[WhiteElo "2375"]
[BlackElo "2404"]

1.e4 e5 2.Nf3 Nc6 3.Bc4 Nf6 4.d3 h6 5.O-O d6 6.c3 g6 7.Re1 Bg7 8.Nbd2 O-O
9.Bb3 Nh5 10.Nf1 Kh8 11.Ne3 Nf4 12.d4 Qf6 13.Nd5 Nxd5 14.exd5 Na5 15.dxe5 dxe5
16.Nxe5 Nxb3 17.axb3 Kg8 18.Ra4 a5 19.Rf4 Qd6 20.Nc4 Qd8 21.Qf3 g5 22.Rd4 Bxd4
23.cxd4 Re8 24.Be3 a4 25.bxa4 Rxa4 26.b3 Ra2 27.h4 g4 28.Qf4 Qxh4 29.d6 Rxf2
30.Qxf2 g3 31.Qf3 Bg4 32.d7 Qh2+ 33.Kf1 Qh1+ 34.Bg1 Rxe1+ 35.Kxe1 Qxg1+ 36.Kd2
Qxd4+ 37.Qd3 Qxd3+ 38.Kxd3 Bxd7 39.Ke3 Bc6 40.Kf4 Bxg2 41.Kxg3 Bd5 42.Nd2 c5
43.Kf4 f6 {#R} 0-1

[Event "PRO League Group Stage"]
[Site "masterchessopen.com chess.com INT"]
[Date "2017.02.11"]
[Round "5"]
[White "Della Morte,G"]
[Black "Gunnarsson,J"]
[Result "1-0"]
[WhiteElo "2375"]
[BlackElo "2450"]

1.e4 c5 2.Nf3 Nc6 3.d4 cxd4 4.Nxd4 g6 5.Nc3 Bg7 6.Be3 Nf6 7.Bc4 Qa5 8.O-O O-O
9.Nb3 Qc7 10.Bg5 a6 11.Be2 b5 12.a4 bxa4 13.Rxa4 e6 14.Qa1 Ne5 15.Bh4 Bb7
16.Bg3 d6 17.Bxa6 Bc6 18.Bb5 Bxb5 19.Rxa8 Bxf1 20.Rxf8+ Bxf8 21.Bxe5 dxe5
22.Qxf1 Bb4 23.Qd3 Bxc3 24.bxc3 Qc6 25.Nd2 Qa4 26.g3 h5 27.Kg2 Qa1 28.Nc4 Qe1
29.f3 h4 30.Nxe5 g5 31.c4 Kg7 32.c5 hxg3 33.hxg3 Nh5 34.f4 gxf4 35.Qf3 Nxg3
36.Qxf4 Qxe4+ 37.Kxg3 Qe1+ 38.Kh3 Qh1+ 39.Qh2 Qe4 40.Qg2+ Qxg2+ 41.Kxg2 Kf6
42.Nd3 Ke7 43.Kf3 Kd7 44.Ke4 f6 45.Kd4 Kc6 46.Kc4 e5 47.Nb4+ Kd7 48.Kd5 Kc7
49.Nd3 {#r} 1-0

[Event "PRO League Group Stage"]
[Site "masterchessopen.com chess.com INT"]
[Date "2017.02.11"]
[Round "5"]
[White "Sambuev,B"]
[Black "Ghasi,A"]
[Result "0-1"]
[WhiteElo "2539"]
[BlackElo "2455"]

1.d4 Nf6 2.Nf3 g6 3.Bg5 Bg7 4.Nbd2 O-O 5.e4 d6 6.c3 c5 7.dxc5 dxc5 8.Be2 Nc6
9.O-O b6 10.Qc2 h6 11.Bh4 Nh5 12.Rfe1 Bg4 13.Rad1 Qc7 14.h3 Be6 15.Nh2 Nf4
16.Bf1 Qb7 17.Bc4 Bxc4 18.Nxc4 b5 19.Ne3 c4 20.Nd5 Nd3 21.Re2 g5 22.Bg3 e6
23.Ne3 f5 24.exf5 exf5 25.Bd6 Rf6 26.Ba3 Nce5 27.b3 Nf4 28.Red2 Ned3 29.bxc4
bxc4 30.Rb1 Qe4 31.Qd1 Ra6 32.Bb4 Rb6 33.Rc2 Rc8 34.Nhf1 Be5 35.Nd2 Qb7 36.Ba3
Rxb1 37.Qxb1 Qa6 38.Bb4 Qb7 39.Ba3 Qa6 40.Ndxc4 Bb8 41.Rd2 Rd8 42.Be7 Rc8
43.Rxd3 Nxd3 44.Qxd3 Qe6 45.Bd6 f4 46.Qd5 Qxd5 47.Nxd5 Rxc4 48.Bxb8 Ra4 49.c4
Rxc4 50.Bxa7 Ra4 51.Bc5 Rxa2 52.f3 Kf7 53.Nc3 Rc2 54.Ne4 Kg6 55.Be7 Rc1+
56.Kf2 Rc2+ 57.Kf1 Rc1+ 58.Ke2 Rc2+ 59.Nd2 Rc7 60.Bd6 Rc6 61.Bb4 Re6+ 62.Kd3
Re3+ 63.Kc2 Re2 64.Kd1 Rxg2 65.Ne4 Rh2 66.Be1 Rxh3 67.Ke2 Rh2+ 68.Bf2 Rh1
69.Be1 Rh2+ 70.Nf2 h5 71.Kf1 Kf5 72.Kg1 Rh4 73.Nd3 Rh3 74.Kg2 g4 75.fxg4+ hxg4
76.Nf2 Rb3 77.Bd2 Rb2 78.Bc3 Rc2 79.Bd4 Rd2 80.Bc5 g3 81.Kf3 gxf2 82.Bxf2 Rd3+
83.Ke2 Ke4 84.Bc5 Rb3 85.Kf2 Rb2+ 86.Kf1 Rc2 87.Bb6 Kf3 88.Ke1 Kg2 89.Kd1 Rb2
{#R} 0-1

[Event "PRO League Group Stage"]
[Site "masterchessopen.com chess.com INT"]
[Date "2017.02.11"]
[Round "5"]
[White "Abhishek,K"]
[Black "Arnold,Mar"]
[Result "1-0"]
[WhiteElo "2381"]
[BlackElo "2524"]

1.d4 Nf6 2.c4 e6 3.Nf3 d5 4.Nc3 Bb4 5.Qa4+ Nc6 6.e3 O-O 7.Be2 Qe7 8.O-O Bd7
9.Qc2 dxc4 10.Bxc4 e5 11.d5 Na5 12.Be2 e4 13.Nd2 Rfe8 14.a3 Bxc3 15.Qxc3 b6
16.b4 Nb7 17.Bb2 Nd6 18.Rac1 Qf8 19.Qb3 Rac8 20.Ba6 Bb5 21.Bxc8 Bxf1 22.Bh3
Bd3 23.Rxc7 Re7 24.Rc6 Nfe8 25.a4 f5 26.g3 Qf7 27.b5 h5 28.Nf3 Bc4 29.Rxc4
Nxc4 30.Nd4 Nxb2 31.Qxb2 Qxd5 32.Nxf5 Re5 33.Nd4 Nd6 34.Qc3 Qc5 35.Qb3+ Kh7
36.Bd7 Qd5 37.Qb1 Qf7 38.Bc6 h4 39.f4 Re7 40.g4 g5 41.Nf3 Qc4 42.Nxg5+ Kg8
43.Qb2 Qd3 44.Qf6 Qxe3+ 45.Kg2 h3+ 46.Nxh3 Qf3+ 47.Kg1 Qxg4+ 48.Kf2 Qf3+
49.Kg1 Qg4+ 50.Kf2 e3+ 51.Ke1 Rf7 52.Bd5 Qxh3 53.Qxd6 Kg7 54.Bxf7 Kxf7 55.Qd5+
Kf8 56.Qd6+ Kf7 57.Ke2 Qxh2+ 58.Kxe3 Qa2 59.Qd7+ Kf6 60.Qd4+ Kf5 61.Qe4+ Kg4
62.Qg6+ Kh4 63.f5 Qb3+ 64.Kf4 Qxa4+ 65.Ke5 Qxb5+ 66.Ke6 Qc6+ 67.Ke7 Qc7+
68.Kf6 b5 69.Qg5+ Kh3 70.Kg6 b4 71.f6 Qc2+ 72.Kh6 b3 73.f7 Qc6+ 74.Kg7 Qd7
75.Qh5+ Kg3 76.Qg5+ Kh3 77.Qe3+ Kh4 78.Qxb3 a5 79.Qc4+ Kh3 80.Qf1+ Kh4 81.Qf4+
Kh3 82.Qh6+ Kg4 83.Kg8 Qd5 84.Qg6+ Kh4 85.Kg7 Qd7 86.Kh6 Qd2+ 87.Kh7 Qd7
88.Qg7 Qd3+ 89.Kh8 {#r} 1-0

[Event "PRO League Group Stage"]
[Site "masterchessopen.com chess.com INT"]
[Date "2017.02.11"]
[Round "5"]
[White "Van der Lende,I"]
[Black "Pozo Vera,S"]
[Result "0-1"]
[WhiteElo "2315"]
[BlackElo "2428"]

1.e4 e6 2.d4 d5 3.Nd2 Ne7 4.Ngf3 Ng6 5.h4 h5 6.c3 c5 7.e5 Nc6 8.Bd3 Nf4 9.Bf1
Ng6 10.Bd3 Nf4 11.Bf1 cxd4 12.Nb3 Ng6 13.cxd4 Bb4+ 14.Bd2 Qb6 15.Bxb4 Qxb4+
16.Qd2 Bd7 17.g3 f6 18.Bd3 Nge7 19.exf6 gxf6 20.O-O-O Qxd2+ 21.Rxd2 e5 22.dxe5
fxe5 23.Bb5 Rc8 24.Kb1 Bf5+ 25.Ka1 Be4 26.Be2 O-O 27.Nc5 Bxf3 28.Bxf3 Rxf3
29.Nxb7 Rcf8 30.Rf1 e4 {#R} 0-1

[Event "PRO League Group Stage"]
[Site "masterchessopen.com chess.com INT"]
[Date "2017.02.11"]
[Round "5"]
[White "Yip,Carissa"]
[Black "Van Wely,L"]
[Result "0-1"]
[WhiteElo "2234"]
[BlackElo "2695"]

1.e4 c5 2.Nf3 Nc6 3.d4 cxd4 4.Nxd4 Qb6 5.Nb3 Nf6 6.Nc3 e6 7.Be3 Qc7 8.f4 d6
9.Bd3 a6 10.O-O b5 11.a3 Bb7 12.Qf3 Be7 13.Rae1 O-O 14.Nd4 Nxd4 15.Bxd4 e5
16.Be3 exf4 17.Bxf4 Nd7 18.Nd5 Bxd5 19.exd5 Bf6 20.Bf5 Ne5 21.Qf2 g6 22.Be4
Bg7 23.g3 a5 24.Bg2 Rab8 25.b3 b4 26.a4 Rbc8 27.Bxe5 Bxe5 28.Be4 Rfe8 29.Bd3
Re7 30.Re2 f5 31.Rfe1 Rf8 32.Bc4 Kg7 33.Bb5 Ref7 34.Qf3 h5 35.Bd3 Re7 36.Kg2
Rf6 37.h3 Rf8 38.Bc4 Ref7 39.Bd3 Rh8 40.Rf1 Qc5 41.g4 hxg4 42.Qf2 Qxf2+
43.Rexf2 Rxh3 {#R} 0-1

[Event "PRO League Group Stage"]
[Site "masterchessopen.com chess.com INT"]
[Date "2017.02.11"]
[Round "5"]
[White "Yip,Carissa"]
[Black "Van der Lende,I"]
[Result "0-1"]
[WhiteElo "2234"]
[BlackElo "2315"]

1.e4 e6 2.d4 d5 3.Nd2 Nc6 4.Ngf3 Nf6 5.e5 Nd7 6.c3 f6 7.exf6 Qxf6 8.Bd3 Bd6
9.O-O O-O 10.Qb3 Nb6 11.a4 a5 12.Re1 Bd7 13.Nf1 e5 14.Bg5 Qf7 15.dxe5 Bc5
16.Be3 Bxe3 17.Nxe3 Rae8 18.Nc2 Qh5 19.Be2 Nxe5 20.Nxe5 Qxe5 21.Bf3 Qg5
22.Rxe8 Bxe8 23.Nd4 Bxa4 24.Rxa4 Rxf3 25.Qd1 Rd3 26.Qe1 Qe5 27.Ra1 Qxe1+
28.Rxe1 Nc4 29.b3 Nd2 30.Rc1 Ne4 31.Ne2 c6 32.f3 Rd2 33.Kf1 Nd6 34.Ke1 Ra2
35.Nd4 Kf7 36.Kf1 Nb5 37.Nf5 Rb2 {#R} 0-1

[Event "PRO League Group Stage"]
[Site "masterchessopen.com chess.com INT"]
[Date "2017.02.11"]
[Round "5"]
[White "Arnold,Mar"]
[Black "Sadhwani,Raunak"]
[Result "1-0"]
[WhiteElo "2524"]
[BlackElo "2218"]

1.e4 c6 2.Nf3 d5 3.Nc3 Nf6 4.e5 Ne4 5.Nb1 Qb6 6.Qe2 e6 7.d3 Nc5 8.g3 Be7 9.Bg2
O-O 10.Nbd2 Qc7 11.b3 f5 12.Bb2 b6 13.O-O Ba6 14.Nd4 Qc8 15.c4 Nb7 16.Rac1 Qd7
17.Kh1 Bc5 18.N2f3 Kh8 19.Rfd1 Bxd4 20.Nxd4 c5 21.cxd5 exd5 22.e6 Qe7 23.Qe5
Nd7 24.Qc7 cxd4 25.Qxd7 Qxd7 26.exd7 Nc5 27.Bxd4 Nxd3 28.d8=Q Rfxd8 29.Rc7 Nc5
30.Bxg7+ Kg8 31.Be5 Nd3 32.Bd4 Rac8 33.Rxa7 Bb5 34.Bf1 f4 35.Bxd3 Bxd3 36.Rxd3
Rc1+ 37.Kg2 fxg3 38.Rxg3+ Kf8 39.Bg7+ Ke8 40.Re3# 1-0

[Event "PRO League Group Stage"]
[Site "masterchessopen.com chess.com INT"]
[Date "2017.02.11"]
[Round "5"]
[White "Arnold,Mar"]
[Black "Swapnil,SD"]
[Result "0-1"]
[WhiteElo "2524"]
[BlackElo "2527"]

1.d4 Nf6 2.Nf3 c5 3.d5 e6 4.Nc3 exd5 5.Nxd5 Nxd5 6.Qxd5 Nc6 7.c3 d6 8.e4 Be6
9.Qd1 Be7 10.Bf4 O-O 11.Bd3 d5 12.exd5 Qxd5 13.Qc2 Qh5 14.O-O Rad8 15.Rad1 Bf6
16.Be4 Bd5 17.Rfe1 h6 18.Bxd5 Rxd5 19.Qb3 Rxd1 20.Rxd1 b6 21.Qa4 Rc8 22.Qe4
Qg6 23.Qxg6 fxg6 24.Rd7 Rd8 25.Rxd8+ Nxd8 26.Kf1 Kf7 27.Ke2 Ke6 28.Ke3 Nc6
29.h3 Kd5 30.Nd2 g5 31.Bg3 c4 32.Ne4 Be5 33.f3 b5 34.Bxe5 Nxe5 35.Nf2 a6 36.g3
Ng6 37.Ne4 Ne5 38.Nf2 Nd7 39.Ne4 Nb6 40.Nf2 Na4 41.Nd1 Ke5 42.Kd2 h5 43.Ke3 h4
44.f4+ gxf4+ 45.gxf4+ Kf5 46.Kf3 a5 47.Ne3+ Ke6 48.Nd1 Kf5 49.Ne3+ Kf6 50.Nd1
Nc5 51.Kg4 Nd3 52.Kxh4 Nxf4 53.Kg4 Nd3 54.Kf3 Kf5 55.Ke3 Nf4 56.Nf2 Ne6 57.Ne4
Ke5 58.h4 g6 59.Kf3 Ng7 60.Ng3 Ne6 61.Kg4 b4 62.cxb4 axb4 63.Kf3 Kd4 64.Ke2 c3
65.Kd1 Kd3 66.bxc3 bxc3 67.Ne2 c2+ 68.Ke1 Nc5 69.Nc1+ Ke3 70.Ne2 Nd3+ 71.Kf1
Kd2 72.a4 Nf4 {#R} 0-1

[Event "PRO League Group Stage"]
[Site "masterchessopen.com chess.com INT"]
[Date "2017.02.11"]
[Round "5"]
[White "Margvelashvili,G"]
[Black "Astaneh Lopez,A"]
[Result "1-0"]
[WhiteElo "2530"]
[BlackElo "2417"]

1.Nf3 Nf6 2.c4 g6 3.Nc3 d5 4.cxd5 Nxd5 5.Qa4+ Nc6 6.Ne5 Qd6 7.Nxc6 Qxc6
8.Qxc6+ bxc6 9.b3 Nxc3 10.Bb2 Bg7 11.Bxc3 Bxc3 12.dxc3 c5 13.e3 Bd7 14.O-O-O
Bc6 15.f3 e5 16.Bc4 a5 17.Bd5 Ra6 18.Bxc6+ Rxc6 19.Rd5 f6 20.Rhd1 Ke7 21.Rd7+
Ke6 22.Rg7 c4 23.Kc2 Kf5 24.h4 h5 25.g3 e4 26.Rd5+ Ke6 27.fxe4 Rb8 28.Rxa5
cxb3+ 29.axb3 Rb4 30.c4 Rcb6 31.Ra3 Rc6 32.Rxg6 Rb5 33.Ra8 Rb4 34.Rg7 Rcb6
35.Re8+ Kd6 36.e5+ fxe5 37.Rg6+ Kd7 38.Rxb6 Rxb6 39.Rxe5 Rf6 40.Rxh5 Rf3
41.Rg5 {#r} 1-0

[Event "PRO League Group Stage"]
[Site "masterchessopen.com chess.com INT"]
[Date "2017.02.11"]
[Round "5"]
[White "Margvelashvili,G"]
[Black "Gelip,I"]
[Result "1-0"]
[WhiteElo "2530"]
[BlackElo "2187"]

1.Nf3 Nf6 2.c4 e6 3.Nc3 b6 4.e4 d6 5.d4 Bb7 6.Bd3 c5 7.d5 e5 8.Be3 Be7 9.Nd2
Nbd7 10.g3 Nf8 11.f4 exf4 12.gxf4 Ng6 13.Qe2 h5 14.O-O-O Ng4 15.e5 dxe5
16.Bxg6 fxg6 17.fxe5 Nxe5 18.Bf4 Nf7 19.Rhe1 Kf8 20.Nb5 Qd7 21.Nc7 g5 22.Ne6+
Kg8 23.Be3 Re8 24.Ne4 g4 25.Qc2 Nd8 26.Nf4 Qf5 27.Bd2 Bh4 28.Nf6+ Qxf6
29.Rxe8+ Kf7 30.Rxh8 {#r} 1-0

[Event "PRO League Group Stage"]
[Site "masterchessopen.com chess.com INT"]
[Date "2017.02.11"]
[Round "5"]
[White "Flores Rios,M"]
[Black "Debashis,D"]
[Result "0-1"]
[WhiteElo "2529"]
[BlackElo "2472"]

1.d4 Nf6 2.c4 e6 3.Nf3 b6 4.g3 Ba6 5.Nbd2 d5 6.Bg2 Be7 7.O-O O-O 8.b3 c5 9.Bb2
Nbd7 10.Rc1 Rc8 11.Re1 Bb7 12.cxd5 Nxd5 13.e4 Nb4 14.Nc4 b5 15.a3 Na2 16.Ra1
bxc4 17.bxc4 Nb6 18.Rxa2 Nxc4 19.Bc1 cxd4 20.Qxd4 Qxd4 21.Nxd4 Rfd8 22.Nf3 a5
23.Bg5 Bxg5 24.Nxg5 h6 25.Nf3 Rd3 26.a4 Rcd8 27.Rc2 Nd6 28.Ne5 Rd4 29.Nc6 Bxc6
30.Rxc6 Rxa4 31.Rd1 Nb7 32.Rb1 Rd7 33.e5 Nd8 34.Rc8 Kh7 35.h4 Rad4 36.Ra8 a4
37.Rb6 Kg6 38.Rba6 Kf5 39.Ra5 Rd1+ 40.Kh2 R1d2 41.Bh3+ Kg6 42.Kg2 Nc6 43.Rc5
Nb4 44.Rxa4 Rxf2+ 45.Kxf2 Nd3+ 46.Ke2 Nxc5 47.Rg4+ Kh7 48.Bg2 Ra7 49.Rf4 Ra2+
50.Kf1 Kg8 51.Rc4 Ra5 52.h5 Kf8 53.Kf2 Nd3+ {#R} 0-1

[Event "PRO League Group Stage"]
[Site "masterchessopen.com chess.com INT"]
[Date "2017.02.11"]
[Round "5"]
[White "Haria,R"]
[Black "Troff,Kayden W"]
[Result "0-1"]
[WhiteElo "2382"]
[BlackElo "2511"]

1.Nf3 Nf6 2.g3 g6 3.b3 Bg7 4.Bb2 O-O 5.Bg2 d5 6.c4 Nc6 7.O-O d4 8.d3 e5 9.b4
e4 10.dxe4 Nxe4 11.b5 Nc3 12.Nxc3 dxc3 13.Ba3 Na5 14.Qa4 b6 15.Rad1 Qe8
16.Bxf8 Qxf8 17.Nd4 Rb8 18.Nb3 Bg4 19.Bf3 Bh3 20.Bg2 Bg4 21.Bf3 Bh3 22.Rfe1
Bf5 23.Nxa5 bxa5 24.Qxa5 Qc5 25.Qa4 h5 26.Rd5 Qb6 27.e4 Be6 28.e5 Bxd5 29.Bxd5
Qd4 30.Qc2 Rb6 31.e6 fxe6 32.Qxg6 Kf8 33.Re4 c2 34.Rxd4 c1=Q+ 35.Kg2 Bxd4
36.Bxe6 Rxe6 37.Qxe6 Qb2 38.Qf5+ Ke7 39.Qe4+ Kf6 40.Qf3+ Kg6 41.Qe4+ Kf6
42.Qf3+ Kg7 43.Qf4 Bb6 44.c5 Ba5 45.b6 axb6 46.Qxc7+ Kf6 47.c6 Qd4 48.Qh7 Qd5+
49.f3 Qxa2+ 50.Kh3 Qe6+ 51.Kh4 b5 52.Qh6+ Ke7 53.Qg7+ Kd6 54.Qd4+ Kxc6 55.Kxh5
Bc7 56.Qc3+ Kb7 57.g4 Qf7+ 58.Kh4 Qh7+ 59.Kg5 Bd8+ 60.Kf4 Qxh2+ 61.Ke4 Qh7+
62.Ke3 Bb6+ 63.Ke2 Qh2+ 64.Kd3 Qd6+ 65.Ke4 Qe6+ 66.Kf4 Bc7+ 67.Kg5 Be5 68.Qd3
Qf6+ 69.Kh5 Qf7+ 70.Kh4 Qf4 71.Qxb5+ Kc7 72.Qc5+ Kd7 73.Qd5+ Ke7 74.Qb7+ Kf6
75.Qc6+ Bd6 76.Qc2 Qh6# 0-1

[Event "PRO League Group Stage"]
[Site "masterchessopen.com chess.com INT"]
[Date "2017.02.11"]
[Round "5"]
[White "Haria,R"]
[Black "Zaloznyy,M"]
[Result "0-1"]
[WhiteElo "2382"]
[BlackElo "2100"]

1.Nf3 b6 2.g3 Bb7 3.Bg2 e6 4.O-O f5 5.d3 Be7 6.Nc3 Nf6 7.e4 fxe4 8.dxe4 O-O
9.Nd4 Qc8 10.Bf4 a6 11.Qe2 Nc6 12.Nxc6 Bxc6 13.e5 Bxg2 14.Kxg2 Qb7+ 15.Kg1 Nd5
16.Nxd5 Qxd5 17.Rad1 Qc6 18.Rd3 Rf7 19.Rc3 Qb7 20.Rd1 Bf8 21.Qc4 c5 22.Qe2 b5
23.b3 Rc8 24.h4 Be7 25.Rcd3 Rc7 26.h5 Bf8 27.c4 Qc6 28.Qg4 Rb7 29.Be3 bxc4
30.bxc4 Rb4 31.Rb3 a5 32.Bd2 a4 33.Bxb4 axb3 34.Bc3 bxa2 35.Ra1 Rf3 36.Bb2 Rd3
37.Rxa2 Rd2 38.h6 Qb7 39.hxg7 Bxg7 40.Qh5 Rxb2 41.Qe8+ Bf8 42.Rxb2 Qxb2
43.Qxd7 Qxe5 44.Kh2 Qh5+ 45.Kg2 Qf7 46.Qd3 Qb7+ 47.Kh2 Qf7 48.Qe4 Qf5 49.Qe2
Kf7 50.Qa2 Kg6 51.Qe2 Qh5+ {#R} 0-1

[Event "PRO League Group Stage"]
[Site "masterchessopen.com chess.com INT"]
[Date "2017.02.11"]
[Round "5"]
[White "Lenic,L"]
[Black "Durarbayli,V"]
[Result "0-1"]
[WhiteElo "2641"]
[BlackElo "2616"]

1.d4 Nf6 2.c4 e6 3.Nc3 Bb4 4.Qc2 d6 5.Bg5 O-O 6.e3 b6 7.Bd3 h6 8.Bh4 Bb7 9.Ne2
c5 10.O-O cxd4 11.exd4 Bxc3 12.Nxc3 Nc6 13.d5 Nb4 14.Qd2 Nxd3 15.Qxd3 exd5
16.cxd5 Re8 17.Rfe1 g5 18.Bg3 Qd7 19.f4 g4 20.Bh4 Rxe1+ 21.Rxe1 Re8 22.Rxe8+
Nxe8 23.f5 Bc8 24.Qe2 h5 25.f6 Nc7 26.Qe3 Qf5 27.Qe7 Ba6 28.Bf2 Qd3 29.Qe1 Bc4
30.Qc1 Kh7 31.b3 Ba6 32.Bg3 Nxd5 33.Nxd5 Qxd5 34.Qc2+ Bd3 35.Qd2 Kg6 36.h3
gxh3 37.gxh3 Qf3 38.Qf4 Qd1+ 39.Kh2 d5 40.Bf2 Qe2 41.Kg3 Qe6 42.Be3 Qxf6
43.Qxf6+ Kxf6 44.Kf4 Ke6 45.Bd4 Bb1 46.a3 Bc2 47.b4 Kd6 48.Kg5 Bg6 49.a4 Kc6
50.h4 a6 51.Kf4 Bc2 52.a5 bxa5 53.bxa5 Kb5 54.Bb6 d4 55.Bc7 Kc4 56.Bb6 f5
57.Bd8 d3 58.Ke3 f4+ 59.Kd2 Kd4 60.Bc7 Ke4 61.Bb8 Ba4 62.Bc7 Bb5 63.Bb8 Kf5
64.Bc7 Kg4 65.Bb8 f3 66.Ke3 Kxh4 {#R} 0-1

[Event "PRO League Group Stage"]
[Site "masterchessopen.com chess.com INT"]
[Date "2017.02.11"]
[Round "5"]
[White "Lenic,L"]
[Black "Ashwin,J"]
[Result "1-0"]
[WhiteElo "2641"]
[BlackElo "2490"]

1.Nf3 Nf6 2.c4 e6 3.g3 d5 4.Bg2 dxc4 5.O-O a6 6.Qc2 b5 7.a4 Bb7 8.axb5 Be4
9.Qc3 axb5 10.Rxa8 Bxa8 11.Qa5 Bc6 12.Nc3 b4 13.Nb5 Bd6 14.Nxd6+ Qxd6 15.d3
cxd3 16.Rd1 O-O 17.Rxd3 Bd5 18.Bf4 Qe7 19.Qxc7 Qxc7 20.Bxc7 Rc8 21.Bf4 Na6
22.Rd1 h6 23.Ra1 Nc5 24.Rc1 Bb7 25.Ne5 Nd5 26.Bd2 Na4 27.Rxc8+ Bxc8 28.Nc6 Bd7
29.Bxd5 exd5 30.Nxb4 Nxb2 31.Nxd5 Nc4 32.Bc3 Be6 33.Nf4 Bc8 34.f3 Ne3 35.Bd4
Nf5 36.Bc5 g6 37.e4 Ng7 38.Nd5 Bb7 39.Nf6+ Kh8 40.Bf8 Nh5 41.Ne8 f5 42.Nd6 Bc6
43.exf5 gxf5 44.Kf2 Bd7 45.Bxh6 Kh7 46.Bd2 Nf6 47.Bc3 Ne8 48.Nf7 Nc7 49.Be5
Ne6 50.Nd6 Kg6 51.h4 Nd8 52.Bb2 Be6 53.Ke3 Nf7 54.Nb7 Bd5 55.Nc5 Nd6 56.Bc3
Nf7 57.Nd3 Bc6 58.Kf4 Bd5 59.Nb4 Bb7 60.Nc2 Nd8 61.Ne3 Ne6+ 62.Ke5 Ng7 63.g4
Bxf3 64.gxf5+ Kf7 65.Kf4 Bc6 66.Bxg7 Kxg7 67.Kg5 Bd7 68.Ng4 Bc6 69.h5 Be4
70.h6+ Kf7 71.Ne5+ Kg8 72.Kg6 Bd5 73.h7+ Kh8 74.Nf7+ Bxf7+ 75.Kxf7 Kxh7 76.f6
{#r} 1-0

[Event "PRO League Group Stage"]
[Site "masterchessopen.com chess.com INT"]
[Date "2017.02.11"]
[Round "5"]
[White "Gorozhanin,M"]
[Black "Zaremba,An"]
[Result "1-0"]
[WhiteElo "2408"]
[BlackElo "2348"]

1.d4 Nf6 2.Bf4 d5 3.e3 c6 4.c4 Qb6 5.Qb3 Qxb3 6.axb3 b6 7.Bxb8 Rxb8 8.Rxa7 Bf5
9.Nc3 e6 10.f3 Bc2 11.cxd5 exd5 12.Kd2 Bxb3 13.Rc7 Bb4 14.Rxc6 O-O 15.Bb5 Ne8
16.Ne2 Nd6 17.Bd3 Rb7 18.Ra1 Re8 19.e4 dxe4 20.fxe4 f6 21.Ke3 Kf8 22.Ra6 Reb8
23.Nc1 Bf7 24.N1a2 Bxc3 25.bxc3 Ke7 26.Nb4 Kd7 27.e5 fxe5 28.dxe5 Ne8 29.Bf5+
Ke7 30.e6 Bg6 31.Nd5+ Kf8 32.g4 b5 33.Bxg6 hxg6 34.g5 Kg8 35.Ke4 Rd8 36.Ke5 b4
37.cxb4 Rb5 38.Rd6 Nxd6 39.Rxd6 Re8 40.Rd7 Rbb8 41.Kd6 Kf8 42.Rf7+ Kg8 43.Ra7
Kf8 44.Rf7+ Kg8 45.Rd7 Kf8 46.Nc7 Rb6+ 47.Kc5 Rexe6 48.Nxe6+ Rxe6 49.b5 Re1
50.b6 Rc1+ 51.Kd6 Rb1 52.Kc7 Rc1+ 53.Kd8 Rb1 54.b7 Rb2 55.Kc8 Rc2+ 56.Rc7 {#r}
1-0

[Event "PRO League Group Stage"]
[Site "masterchessopen.com chess.com INT"]
[Date "2017.02.11"]
[Round "5"]
[White "Gorozhanin,M"]
[Black "Smith,Bry"]
[Result "0-1"]
[WhiteElo "2408"]
[BlackElo "2423"]

1.d4 Nf6 2.Bf4 g6 3.e3 Bg7 4.Nf3 d6 5.h3 O-O 6.c3 b6 7.Nbd2 Bb7 8.Be2 Nbd7
9.O-O c5 10.a4 a6 11.Bh2 Qc7 12.Qb1 Rfe8 13.Rc1 Rac8 14.Qa2 cxd4 15.exd4 Nd5
16.Bxa6 Bxa6 17.Qxd5 Nf6 18.Qb3 e5 19.dxe5 dxe5 20.Re1 Nd7 21.Ne4 Bc4 22.Qd1
Nc5 23.Qd6 Nxe4 24.Qxc7 Rxc7 25.Rxe4 f6 26.Rd1 Ra8 27.g4 g5 28.h4 h6 29.hxg5
hxg5 30.Nd4 Bd5 31.Ree1 Rxa4 32.Nf5 Rxg4+ 33.Bg3 Be6 34.Rd8+ Kh7 35.Ne3 Ra4
36.Kg2 Kg6 37.Rd6 Kf7 38.Rxb6 Ra2 39.Rd1 Bf8 40.Rb5 Bc5 41.Nc2 Bc8 42.f3 Ba6
43.Rb8 Bb7 44.Rb1 Ba7 45.Rd8 Ke7 46.Rd2 Rc8 47.Nb4 Ra5 48.Rbd1 Rc7 49.Nd5+
Bxd5 50.Rxd5 Rxd5 51.Rxd5 Rb7 52.Rd2 Ke6 53.Kf1 Be3 54.Re2 Bc1 55.b4 Kd5
56.Be1 Kc4 57.Rc2 Be3 58.Ke2 Bb6 59.Ra2 f5 60.Ra8 Rg7 61.Rc8+ Kd5 62.c4+ Ke6
63.c5 Kd7 64.Rb8 Bc7 65.Ra8 g4 66.fxg4 Rxg4 67.b5 Re4+ 68.Kf1 Rf4+ 69.Bf2 e4
70.Ke2 Be5 71.Ra7+ Ke6 72.Be3 Rh4 73.Ra6+ Kd5 74.b6 Rh2+ 75.Kf1 Rb2 76.Ra7 f4
77.Rd7+ Ke6 78.Bc1 Kxd7 79.Bxb2 Bxb2 80.Ke2 Bd4 81.b7 Kc7 {#R} 0-1

[Event "PRO League Group Stage"]
[Site "masterchessopen.com chess.com INT"]
[Date "2017.02.11"]
[Round "5"]
[White "Gunnarsson,J"]
[Black "Perez Ponsa,F"]
[Result "0-1"]
[WhiteElo "2450"]
[BlackElo "2583"]

1.e4 c6 2.Nf3 d5 3.Nc3 Nf6 4.e5 Ne4 5.Ne2 Qb6 6.d4 e6 7.Ng3 c5 8.Bd3 Nxg3
9.hxg3 cxd4 10.a3 Nc6 11.b4 Bd7 12.Rh4 Be7 13.Rg4 g6 14.Bh6 Qc7 15.Qe2 O-O-O
16.Kf1 a6 17.Rf4 Be8 18.Kg1 Kb8 19.Rb1 Rg8 20.b5 axb5 21.Bxb5 g5 22.Rg4 Rg6
23.Bxc6 Bxc6 24.Bxg5 Bxg5 25.Rxg5 Rxg5 26.Nxg5 Ba4 27.Rb4 Bxc2 28.Rxd4 Rc8
29.Rb4 Bd3 30.Qxd3 Qc1+ 31.Kh2 Qxg5 32.Qxh7 Qxe5 33.Rh4 Qf6 34.f4 d4 35.Qe4
Rd8 36.Rh5 d3 37.Rb5 Qe7 38.Rb1 Rh8+ {#R} 0-1

[Event "PRO League Group Stage"]
[Site "masterchessopen.com chess.com INT"]
[Date "2017.02.11"]
[Round "5"]
[White "Gunnarsson,J"]
[Black "Tristan,L"]
[Result "1-0"]
[WhiteElo "2450"]
[BlackElo "2458"]

1.e4 d5 2.exd5 Qxd5 3.Nc3 Qa5 4.d4 Nf6 5.Nf3 Bf5 6.Bd2 e6 7.Bc4 Bb4 8.Qe2 c6
9.O-O-O Nbd7 10.Ne5 Nxe5 11.dxe5 Nd5 12.Bxd5 exd5 13.a3 Bxa3 14.bxa3 Qxa3+
15.Kb1 Qb3+ 16.Ka1 Bxc2 17.Rc1 d4 18.Na2 Bf5 19.Bb4 O-O-O 20.Bd6 f6 21.f4 Rhe8
22.Qd2 Qa4 23.Rc5 b6 24.Rxc6+ Kb7 25.Rhc1 Be6 26.Rc7+ Ka8 27.Qc2 Qxc2 28.R1xc2
fxe5 29.fxe5 d3 30.Rd2 Bf5 31.Nb4 Rc8 32.Nxd3 Rxc7 33.Bxc7 Rc8 34.Bd6 Kb7
35.Nf4 Rc4 36.Nd5 Ra4+ 37.Kb2 Be6 38.Nc3 Rf4 39.g3 Rf3 40.Ba3 a5 41.Rd6 Bc4
42.e6 Re3 43.e7 Rxe7 44.Rxb6+ Kxb6 45.Bxe7 Kc6 46.Bf8 g6 47.Ne4 h5 48.Kc3 Bd5
49.Kd4 a4 50.Nc3 Bb3 51.Ke5 Kd7 52.Kf6 Bc2 53.Nd5 Ke8 54.Ba3 Be4 55.Nf4 {#r}
1-0

[Event "PRO League Group Stage"]
[Site "masterchessopen.com chess.com INT"]
[Date "2017.02.11"]
[Round "5"]
[White "Hua,D"]
[Black "Lapite,Oluwadurotimi"]
[Result "1-0"]
[WhiteElo "2285"]
[BlackElo "2067"]

1.e4 c6 2.c4 d5 3.cxd5 cxd5 4.exd5 Nf6 5.Qa4+ Nbd7 6.Nc3 g6 7.Nf3 Bg7 8.Qb3
O-O 9.Bc4 a6 10.a4 Nc5 11.Qa3 Qc7 12.d4 Nce4 13.Qb3 Bd7 14.Nxe4 Nxe4 15.O-O
Rac8 16.Bd3 Bf5 17.Re1 Nd6 18.Bg5 Bxd3 19.Qxd3 Nf5 20.g4 h6 21.gxf5 hxg5
22.fxg6 fxg6 23.Nxg5 Qf4 24.Qg3 Bxd4 25.Re2 Rc1+ 26.Rxc1 Qxc1+ 27.Kg2 Bxb2
28.Qh4 Qf4 29.Qh7# 1-0